00833nam a2200193 a 4500008004100000020001500041050001500056100002100071245007700092260004600169300002200215350000900237650001600246650002300262700002100285995018200306999001700488952013400505111207s1977 ||||||||||||||||| || u a0398027463 aRK 270 Lan aSippy, Francis H10aTextbook of dental radiographycby Olaf E. Langland and Francis H. Sippy aSpringfield, Ill.bCharles C Thomasc1977 axvii, 380p.: ill. a0.00 aRADIOGRAPHY 0aDENTISTRY--ATLASES aLangland, Olaf E aMEDICAL LIBRARY OPEN ACCESSD0.00e901431FCBU-SCHOOL OF MEDICINE LIBRARY (Ndola)H1I0.00jRK 270 LanM1UAVAILABLEWDec 7, 2011y901431ZMedical Library Open Access Collection c32871d32871 00102lcc4070a002b002cMedical Library Open Access Collectiond2022-11-30l0oRK 270 Lanp901431r2022-11-30w2022-11-30y002